[Event "PRO League KO Stage"]
[Site "Chess.com INT"]
[Date "2018.03.13"]
[Round "1"]
[White "Nyzhnyk, Illya"]
[Black "Tang, Andrew"]
[Result "1-0"]
[WhiteElo "2601"]
[BlackElo "2509"]
[PlyCount "71"]
[EventDate "2018.03.13"]
[EventType "team-k.o. (rapid)"]
[EventRounds "4"]
[EventCountry "USA"]
[SourceTitle "CBM 183 Extra"]
[Source "ChessBase"]
[SourceDate "2018.04.19"]
[SourceVersion "1"]
[SourceVersionDate "2018.04.19"]
[SourceQuality "1"]
[WhiteTeam "Webster Windmills"]
[BlackTeam "Minnesota Blizzard"]
[WhiteTeamCountry "USA"]
[BlackTeamCountry "USA"]

1. Nf3 d5 2. c4 d4 3. g3 Nc6 4. Bg2 e5 5. O-O e4 6. Ne1 Bf5 ({RR} 6... h5 7. Bxe4 h4 8. d3 Bh3 9. Ng2 Qd7 10. Bf4 Nf6 11. Bf3 Bd6 12. Qc1 O-O-O 13. Na3 hxg3 14. fxg3 Ng4 15. Bxd6 cxd6 16. Bxg4 Qxg4 17. Rf2 g5 18. c5 Rhe8 19. Nb5 dxc5 20. Qxc5 Kb8 21. Re1 {Malakhov,V (2706)-Tomashevsky,E (2745) Jurmala 2015 0-1 (36)}) 7. d3 Nf6 8. Bg5 Qd7 $146 ({RR} 8... exd3 9. Nxd3 Be7 10. b4 a6 11. Nd2 O-O 12. b5 Na5 13. a4 Re8 14. Re1 Ne4 15. Bxe4 Bxe4 16. Nxe4 Bxg5 17. Nxg5 Qxg5 18. c5 Re7 19. Qc2 h5 20. Rab1 h4 21. c6 b6 22. Rb4 axb5 23. axb5 {Ivanchuk,V (2648)-Aradhya,G (2412) Abu Dhabi UAE 2024 1-0 (64)}) ({RR} 8... exd3 9. Nxd3 Be7 10. b4 a6 11. Nd2 O-O 12. Bxf6 Bxf6 13. Ne4 Qe7 14. Nxf6+ Qxf6 15. a3 Rab8 16. Ra2 Rfd8 17. Rd2 a5 18. b5 Ne5 19. Nxe5 Qxe5 20. e3 Qc5 21. Rxd4 Rxd4 22. Qxd4 Qxa3 23. Ra1 {Kovacevic,V (2495)-Ree,H (2460) Karlovac 1977 ½-½ (66)}) 9. Bxf6 gxf6 10. dxe4 Bh3 11. Nd2 O-O-O 12. Ndf3 h5 13. Nh4 Ne5 14. b3 Rg8 15. Nef3 Bxg2 16. Nxg2 Bh6 17. Nxe5 fxe5 18. Nh4 Qh3 19. Nf5 h4 20. Qd3 Rg6 21. Qf3 hxg3 22. fxg3 Rh8 23. Qg2 Be3+ 24. Nxe3 dxe3 25. Qxh3+ Rxh3 26. Kg2 Rgh6 27. Rh1 R3h5 28. Raf1 Rd6 29. Rxf7 Rd2 30. Kf3 Rxa2 31. h4 Rh8 32. g4 Rb2 33. g5 Rxb3 34. g6 Rb6 35. g7 Rd8 36. Rg1 1-0

[Event "PRO League KO Stage"]
[Site "Chess.com INT"]
[Date "2018.04.08"]
[Round "4"]
[White "Grigoryan, Karen H"]
[Black "Xu, Xiangyu"]
[Result "1-0"]
[WhiteElo "2571"]
[BlackElo "2545"]
[PlyCount "109"]
[EventDate "2018.03.13"]
[EventType "team-k.o. (rapid)"]
[EventRounds "4"]
[EventCountry "USA"]
[SourceTitle "CBM 183 Extra"]
[Source "ChessBase"]
[SourceDate "2018.04.19"]
[SourceVersion "1"]
[SourceVersionDate "2018.04.19"]
[SourceQuality "1"]
[WhiteTeam "Armenia Eagles"]
[BlackTeam "Cheng Du Pandas"]
[WhiteTeamCountry "ARM"]
[BlackTeamCountry "CHN"]

1. Nf3 d5 2. g3 g6 3. Bg2 Bg7 4. O-O e5 5. d3 Nc6 6. Nc3 Nge7 7. e4 dxe4 ({RR} 7... d4 8. Ne2 O-O 9. c3 a5 10. cxd4 Nxd4 11. Nexd4 exd4 12. Bf4 c5 13. a4 b6 14. Nd2 Be6 15. b3 Nc6 16. Nc4 Nb4 17. h4 h5 18. Kh2 Ra7 19. Bh3 Bxh3 20. Kxh3 f5 21. e5 Re8 22. Re1 {Rapport,R (2752)-Gukesh,D (2744) Zagreb CRO 2023 0-1 (102)}) 8. dxe4 Bg4 ({RR} 8... O-O 9. Nd5 h6 10. c4 Bg4 11. Be3 Nd4 12. Bxd4 exd4 13. Qb3 c6 14. Nf4 Qb6 15. h3 Bd7 16. Qa3 c5 17. Ne1 Rac8 18. Ned3 Rfe8 19. Rfe1 Kh7 20. e5 Bf5 21. g4 Bxd3 22. Nxd3 Nc6 23. f4 {Bjerre,J (2637)-Kistrup,N (2356) Eforie Nord ROU 2025 1-0 (39)}) 9. Qe1 O-O $146 ({RR} 9... Qd7 10. Bg5 O-O 11. Bxe7 Nxe7 12. Rd1 Qc6 13. Qd2 h6 14. h3 Be6 15. Nd5 Bxd5 16. exd5 Qd6 17. Rfe1 Rad8 18. Qe2 Rfe8 19. c4 Nf5 20. Qc2 Qc5 21. g4 Nd6 22. Nd2 e4 23. Bxe4 b5 24. Bd3 {Daneshvar,B (2510)-Vachier Lagrave,M (2737) chess.com INT 2023 0-1 (46)}) ({RR} 9... Qd7 10. Bg5 O-O 11. Bxe7 Nxe7 12. Rd1 Qc6 13. Qd2 h6 14. h3 Be6 15. Nd5 Bxd5 16. exd5 Qd6 17. Rfe1 Rad8 18. Qe2 Rfe8 19. c4 Nf5 20. Qc2 Qc5 21. g4 Nd6 22. Nd2 e4 23. Bxe4 b5 24. Bd3 {Daneshvar,B (2510)-Vachier Lagrave,M (2737) chess.com INT 2023 0-1 (46)}) 10. Be3 Nd4 11. Bxd4 exd4 12. Rd1 Qd6 13. Ne2 Qb6 14. b3 Nc6 15. Qd2 Rad8 16. Nf4 Bh6 17. Nd5 Bxd2 18. Nxb6 axb6 19. Rxd2 b5 20. h3 Bxf3 21. Bxf3 Ra8 22. Ra1 Ra7 23. Be2 Ra5 24. a3 Re8 25. f3 Re5 26. Rdd1 Ra8 27. b4 Rd8 28. Bd3 Kg7 29. Kf2 f6 30. Re1 Na7 31. a4 Nc6 32. Reb1 bxa4 33. b5 Na5 34. Rxa4 b6 35. Rbb4 Kf7 36. Rxd4 Rxd4 37. Rxd4 Ke7 38. Ke3 Rc5 39. Kd2 Nb7 40. Ra4 Nd6 41. c4 Nf7 42. Ke3 Ne5 43. Be2 g5 44. f4 gxf4+ 45. gxf4 Nf7 46. Ra8 Nd8 47. Ra1 Nf7 48. Rg1 Kf8 49. Kd4 Nd6 50. e5 fxe5+ 51. fxe5 Nf7 52. Rf1 Ke7 53. Rf5 Ke6 54. Bg4 Nxe5 55. Rxe5+ 1-0

[Event "PRO League KO Stage"]
[Site "Chess.com INT"]
[Date "2018.04.08"]
[Round "4"]
[White "Wang, Yue"]
[Black "Grigoryan, Karen H"]
[Result "1-0"]
[WhiteElo "2690"]
[BlackElo "2571"]
[PlyCount "131"]
[EventDate "2018.03.13"]
[EventType "team-k.o. (rapid)"]
[EventRounds "4"]
[EventCountry "USA"]
[SourceTitle "CBM 183 Extra"]
[Source "ChessBase"]
[SourceDate "2018.04.19"]
[SourceVersion "1"]
[SourceVersionDate "2018.04.19"]
[SourceQuality "1"]
[WhiteTeam "Cheng Du Pandas"]
[BlackTeam "Armenia Eagles"]
[WhiteTeamCountry "CHN"]
[BlackTeamCountry "ARM"]

1. Nf3 g6 2. g3 Bg7 3. Bg2 e5 4. d3 d5 5. c4 dxc4 6. Qa4+ Nc6 7. Qxc4 Nge7 8. Nc3 h6 $146 ({RR} 8... O-O 9. O-O Be6 10. Qa4 h6 11. Bd2 Nd4 12. b4 c6 13. Rab1 Bg4 14. Rfd1 Nxf3+ 15. exf3 Be6 16. Ne4 Qc7 17. f4 Nf5 18. fxe5 Bxe5 19. Nc5 Bd7 20. d4 Nxd4 21. Bxh6 Bf5 22. Ne4 Rfe8 23. Re1 {Guerreiro,N (2120)-Aguiar,H (2173) Lisbon 2014 0-1 (40)}) ({RR} 8... O-O 9. Qh4 Nf5 10. Qxd8 Rxd8 11. Bd2 Ncd4 12. Nxd4 Nxd4 13. Rc1 c6 14. f4 exf4 15. gxf4 Bg4 16. Be3 Re8 17. Kd2 Nf5 18. Nd1 Re7 19. Bf1 Bxb2 20. Rb1 Bg7 21. Bc5 Rd7 22. Nf2 Bh5 23. Bh3 {Vuelban,V (2234)-Egresi,M (2384) Budapest HUN 2024 0-1 (44)}) 9. Bd2 Be6 10. Qa4 O-O 11. Rc1 Nd4 12. O-O c6 13. Qa3 Nxf3+ 14. Bxf3 Nf5 15. Bg2 Re8 16. Ne4 Nd4 17. Rfe1 Bd5 18. e3 Ne6 19. Red1 f5 20. b4 Nc7 21. Nc5 b6 22. e4 Nb5 23. Qa4 Bf7 24. Nb3 Bxb3 25. Qxb3+ Kh8 26. exf5 Nd4 27. Qa3 gxf5 28. Re1 Qd6 29. Qa6 e4 30. dxe4 fxe4 31. Bc3 Qd5 32. Qb7 Rab8 33. Qc7 Rbc8 34. Qf4 c5 35. Bxd4 Qxd4 36. bxc5 bxc5 37. Rxe4 Rxe4 38. Qxe4 Qxe4 39. Bxe4 c4 40. Kg2 c3 41. Rc2 Kg8 42. f4 Kf7 43. Kf3 Ke7 44. Re2 Kd6 45. Bc2 Rb8 46. Bb3 Rb7 47. g4 Kc5 48. h4 Kd4 49. g5 hxg5 50. hxg5 Rxb3 51. axb3 Kd3 52. f5 c2 53. Rxc2 Kxc2 54. f6 Bh8 55. Ke4 Kxb3 56. Kf5 a5 57. g6 Bxf6 58. Kxf6 a4 59. g7 a3 60. g8=Q+ Kb2 61. Qb8+ Kc2 62. Qc7+ Kb2 63. Qb6+ Kc2 64. Qc5+ Kb2 65. Qb4+ Ka2 66. Ke5 1-0

[Event "EU-ch 19th"]
[Site "Batumi"]
[Date "2018.03.19"]
[Round "3"]
[White "Repka, Christopher"]
[Black "Aleksandrov, Aleksej"]
[Result "1-0"]
[WhiteElo "2524"]
[BlackElo "2630"]
[PlyCount "61"]
[EventDate "2018.03.17"]
[EventType "swiss"]
[EventRounds "11"]
[EventCountry "GEO"]
[SourceTitle "CBM 184"]
[Source "ChessBase"]
[SourceDate "2018.05.16"]
[SourceVersion "1"]
[SourceVersionDate "2018.05.16"]
[SourceQuality "1"]

1. g3 d5 2. Nf3 Nf6 3. Bg2 c6 4. O-O Bg4 5. h3 Bxf3 6. Bxf3 e5 7. d3 Nbd7 8. e4 dxe4 9. dxe4 Bc5 10. Nd2 O-O 11. Qe2 a5 12. a4 Qc7 13. Nc4 Rfe8 14. Rd1 Nf8 $146 ({RR} 14... h6 15. Ne3 Bf8 16. Nf5 Kh7 17. Bg2 Nc5 18. Qc4 Rad8 19. Be3 Ne6 20. Qb3 Bc5 21. Bxc5 Nxc5 22. Qc4 Ne6 23. c3 g6 24. Ne3 Kg7 25. Qb3 Nc5 26. Qc2 Rd7 27. Rxd7 Nfxd7 28. Nc4 Ra8 29. h4 {Vorobjov,P (2215)-Neiksans,A (2627) Tallinn 2017 ½-½ (84)}) 15. Be3 Ne6 16. Bxc5 Nxc5 17. Qe3 b6 18. b4 Ncd7 19. bxa5 bxa5 20. h4 h5 21. Rd2 Reb8 22. Rad1 Rb4 23. Nd6 g6 24. c3 Rxa4 25. Qh6 Nf8 26. Nf5 gxf5 27. Qxf6 fxe4 28. Bxh5 Ra7 29. Rd8 Qe7 30. Rxf8+ Qxf8 31. Rd8 1-0

[Event "EU-ch 19th"]
[Site "Batumi"]
[Date "2018.03.27"]
[Round "10"]
[White "Pantsulaia, Levan"]
[Black "Godena, Michele"]
[Result "1-0"]
[WhiteElo "2593"]
[BlackElo "2505"]
[PlyCount "55"]
[EventDate "2018.03.17"]
[EventType "swiss"]
[EventRounds "11"]
[EventCountry "GEO"]
[SourceTitle "CBM 184"]
[Source "ChessBase"]
[SourceDate "2018.05.16"]
[SourceVersion "1"]
[SourceVersionDate "2018.05.16"]
[SourceQuality "1"]

1. Nf3 d5 2. c4 dxc4 3. Qa4+ Nd7 4. Qxc4 a6 ({RR} 4... e5 5. g3 Bd6 6. Bg2 Ngf6 7. O-O Qe7 8. Qc2 c6 9. d3 O-O 10. Nbd2 Nb6 11. b3 h6 12. Bb2 Re8 13. e4 Bg4 14. h3 Bxf3 15. Nxf3 {½-½ (15) Bruzon Batista,L (2686)-Dominguez Perez,L (2716) Santiago de los Caballeros 2011}) 5. d4 ({RR} 5. e4 c5 6. d4 cxd4 7. Qxd4 e6 8. Nc3 Ngf6 9. Bg5 h6 10. Bxf6 Qxf6 11. e5 Qd8 12. O-O-O Be7 13. Ne4 O-O 14. Kb1 Qa5 15. Bd3 Nb6 16. Nf6+ Kh8 17. Qe4 g6 18. Qh4 h5 19. Qg5 {1-0 (19) Sadykov,R (2313)-Leschinsky,G (1987) chess.com INT 2023}) 5... Ngf6 ({RR} 5... e6 6. Bg5 Ngf6 7. Nbd2 c5 8. dxc5 Bxc5 9. e3 b5 10. Qc2 Bb7 11. Bxf6 Qxf6 12. Bd3 Rc8 13. Qb1 Ne5 14. Nxe5 Qxe5 15. Nf3 Qf6 16. Ke2 g5 17. Rc1 Ke7 18. Be4 Bxe4 19. Qxe4 Qxb2+ 20. Kf1 {Pantsulaia,L (2579)-Lortkipanidze,N (2414) Tbilisi 2022 ½-½ (31)}) 6. Bf4 c6 7. Nbd2 $146 ({RR} 7. e3 e6 8. Be2 c5 9. dxc5 Nxc5 10. O-O b5 11. Qc2 Bb7 12. Rd1 Qb6 13. Nc3 Rc8 14. Rac1 Be7 15. h3 O-O 16. a3 Nce4 17. Qb3 Nxc3 18. Rxc3 Rxc3 19. Qxc3 Nd5 20. Qb3 Nxf4 21. exf4 Bc5 {Szostko,J (1850)-Szwed,J (2354) Legnica 2013 0-1 (40)}) 7... e6 8. Rd1 c5 9. dxc5 Bxc5 10. Nb3 Be7 11. Bc7 Bb4+ 12. Nfd2 Qe7 13. a3 Bd6 14. Bxd6 Qxd6 15. Ne4 Qb6 16. Nd6+ Ke7 17. Qc3 Rd8 18. Nc4 Qb5 19. e3 Kf8 20. Be2 Qc6 21. O-O Rb8 22. Rd6 Qc7 23. Bf3 b5 24. Rc6 Qa7 25. Nd6 Bb7 26. Rc7 Nd5 27. Bxd5 exd5 28. Na5 1-0

[Event "EU-ch 19th"]
[Site "Batumi"]
[Date "2018.03.28"]
[Round "11"]
[White "Romanov, Evgeny"]
[Black "Harutyunian, Tigran K"]
[Result "1-0"]
[WhiteElo "2619"]
[BlackElo "2501"]
[PlyCount "91"]
[EventDate "2018.03.17"]
[EventType "swiss"]
[EventRounds "11"]
[EventCountry "GEO"]
[SourceTitle "CBM 184"]
[Source "ChessBase"]
[SourceDate "2018.05.16"]
[SourceVersion "1"]
[SourceVersionDate "2018.05.16"]
[SourceQuality "1"]

1. Nf3 d5 2. d3 Nf6 3. Nbd2 c5 4. e4 Nc6 5. c3 e5 6. a4 g6 7. g3 Bg7 8. Bg2 O-O 9. O-O Re8 ({RR} 9... b6 10. exd5 Nxd5 11. Nc4 f6 12. Re1 Be6 13. Nfd2 Qd7 14. Ne4 Rfd8 15. Qe2 Kh8 16. a5 Rab8 17. axb6 axb6 18. Bd2 Bg8 19. Ra6 f5 20. Ng5 e4 21. Raa1 Nde7 22. dxe4 b5 23. Bf4 Bxc4 24. Qe3 {Caruana,F (2791)-Le,Q (2712) Dubai 2014 1-0 (44)}) 10. Re1 ({RR} 10. exd5 Nxd5 11. Nc4 b6 12. Re1 f6 13. a5 b5 14. Ne3 Be6 15. a6 Qd7 16. Nd2 Nxe3 17. Rxe3 Rac8 18. Nb3 Qd6 19. Re1 Red8 20. Be3 Ne7 21. Na5 Qxd3 22. Qxd3 Rxd3 23. Nb7 Rd5 24. Bxd5 Bxd5 {Gubajdullin,A (2238)-Lin,B (2316) chess.com INT 2025 1-0 (45)}) 10... h6 11. exd5 Nxd5 12. a5 $146 ({RR} 12. Nc4 Bf5 13. a5 Qd7 14. Qc2 Nc7 15. Bf1 Rad8 16. Re3 Nd5 17. Re1 b5 18. axb6 axb6 19. Qb3 Rb8 20. Ra6 b5 21. Na5 Ncb4 22. cxb4 Nxb4 23. g4 Bxd3 24. Nxe5 Bxe5 25. Bxd3 Qxg4+ 26. Kh1 Qf3+ {Narancic,V (2359)-Leventic,I (2509) Neum 2008 0-1}) ({RR} 12. Nc4 Qc7 13. Nfxe5 Nxe5 14. Bxd5 Bg4 15. Qd2 Nf3+ 16. Bxf3 Bxf3 17. Re3 Bc6 18. Qe2 Qd7 19. a5 Qd5 20. f3 h5 21. Bd2 Bh6 22. Re4 f5 23. Bxh6 fxe4 24. fxe4 Qd7 25. Rf1 Rad8 26. Rf3 Qg4 {Ebrahimi,T-Castagna,R Siegen 1970 1-0 (41)}) 12... Rb8 13. Qa4 Re6 14. Qc4 b5 15. Qa2 Nc7 16. Ne4 Na6 17. Be3 Bf8 18. Nh4 Kg7 19. f4 exf4 20. Bxf4 Rb7 21. b3 Rd7 22. Qd2 Rxd3 23. Bxh6+ Kg8 24. Qf4 Qc7 25. Nf6+ Rxf6 26. Qxf6 Rd6 27. Qf4 Bxh6 28. Qxh6 Qd8 29. Nf3 Qf8 30. Qh4 f6 31. Rad1 Rxd1 32. Rxd1 Kg7 33. g4 Nc7 34. g5 Ne6 35. Qh6+ Kf7 36. Qxf8+ Nxf8 37. Rd6 Nxa5 38. Rxf6+ Kg7 39. Ne5 Be6 40. b4 cxb4 41. cxb4 Nc4 42. Nxg6 Nxg6 43. Rxe6 Nf4 44. Rf6 Nd3 45. h4 Nce5 46. h5 1-0

[Event "Jersey op"]
[Site "St Clement Bay"]
[Date "2018.04.07"]
[Round "9.1"]
[White "Hillarp Persson, Tiger"]
[Black "Speelman, Jonathan S"]
[Result "1-0"]
[WhiteElo "2541"]
[BlackElo "2501"]
[PlyCount "63"]
[EventDate "2018.03.31"]
[EventType "swiss"]
[EventRounds "9"]
[EventCountry "GCI"]
[SourceTitle "CBM 183 Extra"]
[Source "ChessBase"]
[SourceDate "2018.04.19"]
[SourceVersion "1"]
[SourceVersionDate "2018.04.19"]
[SourceQuality "1"]

1. Nf3 e6 2. g3 b5 3. Bg2 Bb7 4. O-O Nf6 5. d3 Be7 6. e4 O-O 7. c4 bxc4 8. e5 Nd5 9. dxc4 Nb6 10. Qc2 Nc6 11. b3 a5 12. Nc3 a4 13. Be3 $146 ({RR} 13. Bf4 f6 14. Rad1 axb3 15. axb3 Nb4 16. Qe2 f5 17. h4 Bc6 18. Bh3 Bc5 19. Bg5 Qc8 20. Nd4 Bxd4 21. Rxd4 Rf7 22. Rdd1 Qb7 23. Ra1 Bf3 24. Qd2 Nc6 25. Qe3 Nb4 26. Qd2 Nc6 {½-½ (26) Foygel,I (2310)-Ubilava,E (2430) Beltsy 1979}) 13... f6 14. Rad1 axb3 15. axb3 Ra5 16. exf6 Bxf6 17. Nb5 Be7 18. Qd2 Bb4 19. Qe2 Na7 20. Nxa7 Rxa7 21. Ne5 Bxg2 22. Kxg2 Qe8 23. c5 Nd5 24. c6 Nxe3+ 25. Qxe3 Qa8 26. Rxd7 Bd6 27. Kg1 Ra1 28. Qd4 Rxf1+ 29. Kxf1 Qa2 30. Nc4 e5 31. Qd5+ Kh8 32. Rf7 1-0

[Event "Titled Tuesday intern op 3rd April"]
[Site "Chess.com INT"]
[Date "2018.04.03"]
[Round "6"]
[White "Nakamura, Hikaru"]
[Black "Akobian, Varuzhan"]
[Result "1-0"]
[WhiteElo "2787"]
[BlackElo "2640"]
[PlyCount "91"]
[EventDate "2018.04.03"]
[EventType "swiss (blitz)"]
[EventRounds "10"]
[EventCountry "USA"]
[SourceTitle "EXT 2021"]
[Source "ChessBase"]
[SourceDate "2020.10.23"]
[SourceVersion "1"]
[SourceVersionDate "2020.10.23"]
[SourceQuality "1"]

1. b3 d5 2. Bb2 Nf6 3. Nf3 c6 4. g3 Bg4 5. Bg2 e6 6. h3 ({RR} 6. d3 a5 7. a3 Be7 8. O-O O-O 9. Nbd2 c5 10. Ne5 Bh5 11. c4 Nbd7 12. Re1 d4 13. Nef3 Rb8 14. Qc2 Re8 15. e3 e5 16. exd4 exd4 17. b4 cxb4 18. axb4 Bxb4 19. Rxe8+ Nxe8 20. Nxd4 Nc5 {Hickl,J (2600)-Adams,M (2744) Germany 2002 ½-½}) ({RR} 6. Ne5 Bh5 7. O-O Nbd7 8. d4 Nxe5 9. dxe5 Nd7 10. Nd2 Bc5 11. Kh1 Bg6 12. e4 h5 13. h3 h4 14. g4 Qc7 15. f4 O-O-O 16. exd5 cxd5 17. c4 d4 18. Nf3 d3 19. Ng5 Be7 20. Ne4 Nc5 {Alonso,R (2130)-Kohler,A (2060) chess.com INT 2025 1-0 (70)}) 6... Bh5 7. d3 Nbd7 8. g4 $146 ({RR} 8. Nbd2 Bd6 9. g4 Bg6 10. Nh4 O-O 11. e3 a5 12. a3 Re8 13. f4 a4 14. b4 c5 15. b5 Qb6 16. Nxg6 hxg6 17. c4 d4 18. Qf3 dxe3 19. Qxe3 e5 20. f5 gxf5 21. gxf5 Nh5 22. Be4 Be7 {Sonis,F (2538)-Raja,R (2490) Chess.com INT 2022 0-1 (60)}) ({RR} 8. Nbd2 Bd6 9. g4 Bg6 10. Nh4 O-O 11. e3 a5 12. a3 Re8 13. f4 a4 14. b4 c5 15. b5 Qb6 16. Nxg6 hxg6 17. c4 d4 18. Qf3 dxe3 19. Qxe3 e5 20. f5 gxf5 21. gxf5 Nh5 22. Be4 Be7 {Sonis,F (2538)-Raja,R (2490) Chess.com INT 2022 0-1 (60)}) 8... Bg6 9. Nh4 Bb4+ 10. Nd2 O-O 11. a3 Bd6 12. e3 Be5 13. d4 Bd6 14. Nxg6 hxg6 15. g5 Nh5 16. Nf3 Re8 17. h4 e5 18. dxe5 Nxe5 19. O-O Qe7 20. Qd4 Rad8 21. Nxe5 Bxe5 22. Qxe5 Qxe5 23. Bxe5 Rxe5 24. Rad1 Rde8 25. c4 dxc4 26. bxc4 f6 27. Rd7 fxg5 28. Rxb7 gxh4 29. Bxc6 Rf8 30. Rb5 Re7 31. Bd5+ Kh7 32. Bg2 Nf6 33. c5 Rc8 34. c6 g5 35. Rxg5 Kh6 36. Rf5 Re6 37. Ra5 Rc7 38. Rb1 g5 39. Rb7 Rcxc6 40. Bxc6 Rxc6 41. Rbxa7 Rc1+ 42. Kg2 g4 43. R7a6 h3+ 44. Kh2 Kg6 45. e4 Kg7 46. Rg5+ 1-0

[Event "CRO-ch"]
[Site "Pozega"]
[Date "2018.04.23"]
[Round "7"]
[White "Kozul, Zdenko"]
[Black "Kuljasevic, Davorin"]
[Result "1-0"]
[WhiteElo "2611"]
[BlackElo "2538"]
[PlyCount "72"]
[EventDate "2018.04.17"]
[EventType "tourn"]
[EventRounds "11"]
[EventCountry "CRO"]
[EventCategory "13"]
[SourceTitle "CBM 184 Extra"]
[Source "ChessBase"]
[SourceDate "2018.06.28"]
[SourceVersion "1"]
[SourceVersionDate "2018.06.28"]
[SourceQuality "1"]

1. Nf3 d5 2. c4 d4 3. b4 Bg4 4. d3 Bxf3 5. exf3 e5 6. a3 a5 7. b5 Bd6 ({RR} 7... Nf6 8. g3 Nbd7 9. Bg2 Nc5 10. a4 Bd6 11. O-O O-O 12. Ba3 Rb8 13. Qc2 Qe7 14. Nd2 Nfd7 15. Rfe1 f6 16. f4 Qf7 17. Bd5 Ne6 18. Bxd6 cxd6 19. f5 Rfe8 20. fxe6 Rxe6 21. Ne4 Qe7 22. c5 {Arabidze,M (2457)-Alhadad,M (1904) chess.com INT 2024 1-0 (32)}) 8. g3 Nd7 9. Nd2 Ngf6 10. Bg2 $146 ({RR} 10. a4 Bb4 11. Bg2 Nc5 12. Qc2 O-O 13. O-O Nfd7 14. Nb3 Nxb3 15. Qxb3 Nc5 16. Qb1 Re8 17. f4 exf4 18. Bxf4 g5 19. Bc1 Qf6 20. Ba3 Bxa3 21. Rxa3 Re2 22. Ra2 Rxa2 23. Qxa2 Re8 24. Rd1 h6 {Yakubboev,N (2274)-Korneev,O (2600) Tashkent 2015 0-1 (64)}) 10... Nc5 11. Qc2 O-O 12. O-O Nfd7 13. Bb2 Qf6 14. Ne4 Nxe4 15. fxe4 a4 16. Bc1 Nc5 17. f4 Qd8 18. Ra2 c6 19. Bh3 cxb5 20. fxe5 Bxe5 21. cxb5 Nb3 22. Bf4 Bxf4 23. Rxf4 Qe7 24. b6 Qc5 25. Qxc5 Nxc5 26. Rf5 Nxd3 27. Bf1 Nc1 28. Rc2 Rac8 29. Rc7 d3 30. Rfxf7 Rfd8 31. Rxg7+ Kf8 32. Rxh7 Kg8 33. Rcg7+ Kf8 34. Rxb7 Kg8 35. Rbg7+ Kf8 36. Rc7 Kg8 1-0

[Event "RUS-chT 25th"]
[Site "Sochi"]
[Date "2018.05.02"]
[Round "2.6"]
[White "Zvjaginsev, Vadim"]
[Black "Goganov, Aleksey"]
[Result "1-0"]
[WhiteElo "2625"]
[BlackElo "2572"]
[PlyCount "79"]
[EventDate "2018.05.01"]
[EventType "team-tourn"]
[EventRounds "9"]
[EventCountry "RUS"]
[SourceTitle "CBM 184 Extra"]
[Source "ChessBase"]
[SourceDate "2018.06.28"]
[SourceVersion "1"]
[SourceVersionDate "2018.06.28"]
[SourceQuality "1"]
[WhiteTeam "Moscow Legacy Square"]
[BlackTeam "St Petersburg Bronze Horseman"]
[WhiteTeamCountry "RUS"]
[BlackTeamCountry "RUS"]

1. Nf3 d5 2. g3 c6 3. Bg2 Bg4 4. b3 Nd7 5. Bb2 e6 6. e3 $146 ({RR} 6. O-O a5 7. a4 Ngf6 8. d3 Bb4 9. Ne5 Nxe5 10. Bxe5 O-O 11. h3 Bh5 12. c3 Be7 13. c4 Nd7 14. Bb2 f5 15. Nd2 Qb6 16. Nf3 Rae8 17. Rb1 Bc5 18. Ne5 Nf6 19. d4 Be7 20. Qd3 Qc7 {Bertok,M-Kovacevic,V Zagreb 1971 ½-½}) ({RR} 6. d4 Bxf3 7. Bxf3 f5 8. g4 Ngf6 9. e3 Ne4 10. gxf5 exf5 11. Bxe4 fxe4 12. Qh5+ g6 13. Qh3 Nf6 14. c4 Qd7 15. Qxd7+ Kxd7 16. Ke2 Bb4 17. Bc3 Bd6 18. Nd2 Raf8 19. Rag1 Rf7 20. Rg2 b5 {Minasian,A (2545)-Lobron,E (2575) Cannes 1992 0-1 (52)}) ({RR} 6. d3 a5 7. a3 Ngf6 8. Nbd2 Bc5 9. h3 Bh5 10. g4 Bg6 11. e3 h6 12. Qe2 Qe7 13. O-O Bh7 14. Ne5 Nxe5 15. Bxe5 Bxa3 16. f4 Bd6 17. Bb2 O-O 18. e4 dxe4 19. dxe4 e5 20. f5 Nd7 {Dobboletta,A (2185)-Botta,M (2230) Darfo Boario Terme ITA 2025 ½-½ (63)}) ({RR} 6. O-O f5 7. c4 Ngf6 8. d3 Bc5 9. Nbd2 O-O 10. Qc2 Qe8 11. e4 dxe4 12. dxe4 f4 13. a3 fxg3 14. hxg3 a5 15. Bc3 Qe7 16. b4 axb4 17. axb4 Bxb4 18. Bxb4 Qxb4 19. Rab1 Qc5 20. Rxb7 Rfb8 {Solmundarson,M-Magnusson,O Iceland 1973 0-1 (72)}) ({RR} 6. h3 Bh5 7. O-O Ngf6 8. d4 h6 9. Nbd2 Be7 10. c4 O-O 11. Ne1 a5 12. a3 Bg6 13. Nd3 Qb6 14. Nf4 Bh7 15. Re1 Rfd8 16. e3 Qa7 17. Rc1 Bd6 18. Ne2 Rac8 19. Nc3 Bf8 20. Qe2 Re8 {Chernin,A (2495)-Lau,R (2410) Mendoza 1985 1-0 (81)}) 6... Ngf6 7. h3 Bh5 8. Nc3 Ne5 9. g4 Nxf3+ 10. Qxf3 Bg6 11. d3 Bd6 12. Qe2 Qe7 13. O-O Ba3 14. Bxa3 Qxa3 15. f4 O-O-O 16. Qf2 Nd7 17. e4 dxe4 18. f5 exf5 19. gxf5 Bh5 20. Nxe4 Nf6 21. Nxf6 gxf6 22. Qh4 Qc5+ 23. Rf2 Qd4 24. Qxd4 Rxd4 25. Be4 Rg8+ 26. Rg2 Rg5 27. Kf2 Rd8 28. Rag1 Rdg8 29. Ke3 Kc7 30. d4 a5 31. c4 h6 32. h4 Rxg2 33. Rxg2 Rxg2 34. Bxg2 Bg4 35. Kf4 Bd1 36. Bf3 Bc2 37. Kg4 Bb1 38. a3 Ba2 39. Kh5 Bxb3 40. c5 1-0

[Event "RUS-chT 25th"]
[Site "Sochi"]
[Date "2018.05.03"]
[Round "3.5"]
[White "Zvjaginsev, Vadim"]
[Black "Lomasov, Semen"]
[Result "1-0"]
[WhiteElo "2625"]
[BlackElo "2559"]
[PlyCount "107"]
[EventDate "2018.05.01"]
[EventType "team-tourn"]
[EventRounds "9"]
[EventCountry "RUS"]
[SourceTitle "CBM 184 Extra"]
[Source "ChessBase"]
[SourceDate "2018.06.28"]
[SourceVersion "1"]
[SourceVersionDate "2018.06.28"]
[SourceQuality "1"]
[WhiteTeam "Moscow Legacy Square"]
[BlackTeam "Tyumen Molodezhka"]
[WhiteTeamCountry "RUS"]
[BlackTeamCountry "RUS"]

1. Nf3 Nf6 2. g3 b6 3. Bg2 Bb7 4. O-O c5 5. d3 d6 6. e4 Nbd7 7. Nfd2 e6 8. Re1 Qc7 9. Nc3 a6 10. a4 Be7 11. Nc4 O-O 12. Bf4 $146 ({RR} 12. f4) 12... Ne5 13. Bg5 h6 14. Bd2 Rad8 15. Ne3 Nc6 16. Ne2 Rfe8 17. Nf4 Bf8 18. c3 Ne7 19. c4 Nc6 20. Bc3 Nd7 21. Ne2 Qb8 22. f4 Ba8 23. f5 e5 24. Bd2 b5 25. b3 bxc4 26. bxc4 Nb4 27. Bc1 a5 28. Nc3 Be7 29. Rb1 Nf6 30. Rb2 Nh7 31. h4 Bc6 32. Bf1 Rd7 33. Ree2 Qd8 34. Rh2 Rb7 35. Qe1 Qd7 36. g4 Bxa4 37. g5 Bf8 38. gxh6 f6 39. Rbg2 Bc6 40. Rg6 Kf7 41. hxg7 Bxg7 42. Rhg2 Bf8 43. Qd1 Re7 44. Qh5 Ke8 45. Ng4 Kd8 46. Nxf6 Nxf6 47. Rxf6 Re8 48. Bh6 Bxh6 49. Qxh6 Kc8 50. Rxd6 Qc7 51. Rgg6 Bd7 52. Rg7 Rd8 53. Nb5 Qb8 54. Bh3 1-0